[Event "ESP-ch U16"]
[Site "Padron"]
[Date "2008.07.24"]
[Round "8"]
[White "Porras Mateo, Alejandra"]
[Black "Coll Ortega, Cristina"]
[Result "1-0"]
[WhiteElo "1905"]
[BlackElo "1775"]
[PlyCount "149"]
[EventDate "2008.07.20"]
[EventType "swiss"]
[EventRounds "9"]
[EventCountry "ESP"]
[SourceTitle "EXT 2010"]
[Source "ChessBase"]
[SourceDate "2010.11.25"]
[SourceVersion "1"]
[SourceVersionDate "2010.11.25"]
[SourceQuality "1"]

1. e4 d5 2. Nc3 dxe4 3. Nxe4 Qd5 4. Ng3 Nf6 5. Nf3 Bg4 6. Be2 c6 7. h3 Bxf3 8. Bxf3 Qd6 9. d4 Nbd7 10. 0-0 e6 11. b3 Qc7 12. Bb2 Bd6 13. Ne2 0-0 14. c4 c5 15. Qc2 cxd4 16. Nxd4 a6 17. Rad1 Ne5 18. Rfe1 Nxf3+ 19. Nxf3 Be7 20. Ng5 h6 21. Be5 Qc5 22. Nf3 Rac8 23. Bd4 Qc7 24. Ne5 Rfd8 25. Qc1 Bc5 26. Bc3 Qb6 27. Qf4 Bb4 28. Bxb4 Qxb4 29. Qf3 Qb6 30. Re3 Rxd1+ 31. Qxd1 Rd8 32. Rd3 Rxd3 33. Qxd3 Qc7 34. Qd4 Kf8 35. a3 Ke7 36. b4 b6 37. a4 Ne8 38. b5 axb5 39. cxb5 Qd6 40. Nc6+ Kf8 41. Qxb6 Qd1+ 42. Kh2 Qxa4 43. Qc5+ Kg8 44. g3 Qa8 45. b6 Nf6 46. Na5 Nd7 47. b7 Qf8 48. Qxf8+ Kxf8 49. Nc6 f6 50. Kg2 e5 51. b8Q+ Nxb8 52. Nxb8 Ke7 53. g4 g6 54. Kf3 Ke6 55. Nc6 f5 56. gxf5+ gxf5 57. Ke3 Kd5 58. Nb4+ Kc4 59. Nd3 Kd5 60. f4 exf4+ 61. Nxf4+ Ke5 62. Nh5 f4+ 63. Nxf4 Kf5 64. Kf3 Kg5 65. Kg3 Kf5 66. h4 Kf6 67. Kg4 Kg7 68. Kh5 Kh7 69. Ne6 Kg8 70. Kxh6 Kh8 71. Kg6 Kg8 72. Ng5 Kh8 73. Nf7+ Kg8 74. h5 Kf8 75. h6 1-0

[Event "ESP-chT U16"]
[Site "Aviles"]
[Date "2008.06.29"]
[Round "6.3"]
[White "Lopez Grana, Carmen"]
[Black "Porras Mateo, Alejandra"]
[Result "0-1"]
[WhiteElo "1745"]
[BlackElo "1890"]
[PlyCount "70"]
[EventDate "2008.06.25"]
[EventType "team-swiss"]
[EventRounds "6"]
[EventCountry "ESP"]
[SourceTitle "EXT 2010"]
[Source "ChessBase"]
[SourceDate "2010.11.25"]
[SourceVersion "1"]
[SourceVersionDate "2010.11.25"]
[SourceQuality "1"]

1. e4 e6 2. d4 d5 3. Nc3 Nf6 4. e5 Nfd7 5. f4 c5 6. Nf3 Nc6 7. Be3 cxd4 8. Nxd4 Bc5 9. Qd2 a6 10. 0-0-0 0-0 11. h4 Nxd4 12. Bxd4 b5 13. Rh3 b4 14. Ne2 a5 15. h5 Ba6 16. f5 exf5 17. Rg3 Qe7 18. Qh6 g6 19. hxg6 fxg6 20. e6 Nf6 21. Bxc5 Qxc5 22. Nd4 Ng4 23. Qf4 Bxf1 24. Rxf1 a4 25. Re1 Ra7 26. Re2 Rb7 27. Rd2 Rg7 28. Qf1 Nf6 29. Rh3 Ne4 30. Rd1 Rc8 31. Qe2 a3 32. Nb3 axb2+ 33. Kxb2 Qa7 34. Rhh1 Qa3+ 35. Ka1 Nc3 0-1

[Event "ESP-chT U16"]
[Site "Aviles"]
[Date "2008.06.26"]
[Round "2.3"]
[White "Perez Castellano, Susana"]
[Black "Porras Mateo, Alejandra"]
[Result "1/2-1/2"]
[WhiteElo "1858"]
[BlackElo "1890"]
[PlyCount "73"]
[EventDate "2008.06.25"]
[EventType "team-swiss"]
[EventRounds "6"]
[EventCountry "ESP"]
[SourceTitle "EXT 2010"]
[Source "ChessBase"]
[SourceDate "2010.11.25"]
[SourceVersion "1"]
[SourceVersionDate "2010.11.25"]
[SourceQuality "1"]

1. e4 e6 2. d4 d5 3. Nc3 Nf6 4. e5 Nfd7 5. Nce2 c5 6. c3 Nc6 7. Nf3 cxd4 8. cxd4 f6 9. Nf4 Qe7 10. Nd3 Qf7 11. Be2 Be7 12. Be3 Nb6 13. b3 0-0 14. 0-0 Bd7 15. Qd2 a5 16. a4 Nb4 17. Rac1 Rac8 18. Rxc8 Rxc8 19. Rc1 Bc6 20. Nfe1 Nd7 21. Nf3 Nf8 22. Qb2 b6 23. Nxb4 Bxb4 24. Bb5 Bb7 25. Rc2 Qe7 26. Rxc8 Bxc8 27. Qc2 Bb7 28. h3 Qd8 29. Kf1 Qc8 30. Qxc8 Bxc8 31. Ke2 Kf7 32. Kd3 Bd7 33. Bxd7 Nxd7 34. Bd2 Be7 35. g4 Bd8 36. Bc3 Bc7 37. Ke3 1/2-1/2

[Event "EU-ch U14 Girls"]
[Site "Herceg Novi"]
[Date "2006.09.18"]
[Round "8"]
[White "Kaya, Emel"]
[Black "Porras Mateo, Alejandra"]
[Result "1-0"]
[WhiteElo "1933"]
[BlackElo "1976"]
[PlyCount "125"]
[EventDate "2006.09.10"]
[EventType "swiss"]
[EventRounds "9"]
[EventCountry "MNE"]
[SourceTitle "CBM 114 Extra"]
[Source "ChessBase"]
[SourceDate "2006.11.03"]
[SourceVersion "1"]
[SourceVersionDate "2006.11.03"]
[SourceQuality "1"]

1. e4 e6 2. c4 d5 3. exd5 exd5 4. cxd5 Nf6 5. Bb5+ Nbd7 6. Nc3 Be7 7. Nf3 0-0 8. 0-0 Nb6 9. d4 Nbxd5 10. Bd3 Bg4 11. Bg5 c6 12. a3 h6 13. Bh4 Kh8 14. Bc2 Bxf3 15. Qxf3 g6 16. Rfe1 Kg7 17. Nxd5 Nxd5 18. Rxe7 Nxe7 19. Qf6+ Kh7 20. Qxe7 Qxd4 21. Qf6 Qc4 22. Bg3 Rfe8 23. Qc3 Qb5 24. Bd3 Qd5 25. Rd1 Qe6 26. Bc4 Qf5 27. h3 b6 28. Kh2 c5 29. Kg1 Re7 30. Bb5 Rc8 31. Qd2 Qf6 32. Qc2 Qg5 33. Qc4 Qh5 34. Qd3 Qg5 35. Qd6 Kg7 36. Bf4 Qh5 37. Rd5 Re1+ 38. Kh2 Qh4 39. g3 Qe7 40. Qxe7 Rxe7 41. Kg2 f5 42. h4 c4 43. Bd2 Rcc7 44. Bc3+ Kf7 45. Rd4 Re4 46. Rxe4 fxe4 47. Kf1 Ke6 48. Ke2 Kf5 49. Ke3 g5 50. hxg5 hxg5 51. Ba4 a6 52. Bc2 Re7 53. f3 b5 54. Bxe4+ Ke6 55. Kd4 Rd7+ 56. Kc5 Rd6 57. Bg7 Rd7 58. Bc3 Rd6 59. g4 Ke7 60. Bf5 Rd1 61. Be4 Rd6 62. Bd4 Kd7 63. Be3 1-0

[Event "EU-ch U14 Girls"]
[Site "Herceg Novi"]
[Date "2006.09.17"]
[Round "7"]
[White "Porras Mateo, Alejandra"]
[Black "Batkovskyte, Dominyka"]
[Result "1-0"]
[WhiteElo "1976"]
[BlackElo "1897"]
[PlyCount "133"]
[EventDate "2006.09.10"]
[EventType "swiss"]
[EventRounds "9"]
[EventCountry "MNE"]
[SourceTitle "CBM 114 Extra"]
[Source "ChessBase"]
[SourceDate "2006.11.03"]
[SourceVersion "1"]
[SourceVersionDate "2006.11.03"]
[SourceQuality "1"]

1. e4 e6 2. d4 d5 3. exd5 exd5 4. Bd3 Nc6 5. c3 Bd6 6. Ne2 Nf6 7. h3 h6 8. Bf4 Bxf4 9. Nxf4 Qe7+ 10. Ne2 0-0 11. Nd2 Re8 12. 0-0 Bd7 13. Ng3 Qf8 14. Qc2 Nd8 15. Rfe1 Ne6 16. Nf3 c5 17. Qd2 Rab8 18. Nf5 b5 19. dxc5 Nxc5 20. Bc2 Nce4 21. Bxe4 dxe4 22. N3d4 Bxf5 23. Nxf5 Rbd8 24. Qe3 Rd7 25. Rad1 Red8 26. Rxd7 Rxd7 27. Ng3 Re7 28. Qc5 Qe8 29. Re3 a6 30. Qd4 Rd7 31. Nxe4 Nxe4 32. Rxe4 Qd8 33. Qe3 Rd1+ 34. Kh2 Qd6+ 35. Qg3 Qxg3+ 36. Kxg3 Rd3+ 37. f3 Rd2 38. Rb4 g5 39. a4 bxa4 40. Rxa4 Rxb2 41. Rxa6 Rc2 42. Rc6 Kg7 43. c4 f5 44. f4 Rc3+ 45. Kf2 gxf4 46. c5 Kh7 47. Rc8 Kg6 48. c6 Kg5 49. c7 Kh4 50. Ke2 h5 51. Kd2 Rc4 52. Kd3 Rc1 53. Kd4 f3 54. gxf3 f4 55. Ke4 Kxh3 56. Kxf4 h4 57. Ke5 Kg3 58. f4 Rc5+ 59. Kd4 Rxc7 60. Rxc7 Kxf4 61. Rc3 Kg4 62. Ke3 Kg3 63. Ke2+ Kg2 64. Rc7 h3 65. Rg7+ Kh1 66. Kf3 h2 67. Ra7 1-0

[Event "EU-ch U14 Girls"]
[Site "Herceg Novi"]
[Date "2006.09.12"]
[Round "3"]
[White "Manelidou, Maria"]
[Black "Porras Mateo, Alejandra"]
[Result "1/2-1/2"]
[WhiteElo "1842"]
[BlackElo "1976"]
[PlyCount "81"]
[EventDate "2006.09.10"]
[EventType "swiss"]
[EventRounds "9"]
[EventCountry "MNE"]
[SourceTitle "CBM 114 Extra"]
[Source "ChessBase"]
[SourceDate "2006.11.03"]
[SourceVersion "1"]
[SourceVersionDate "2006.11.03"]
[SourceQuality "1"]

1. e4 e6 2. d4 d5 3. Nd2 Nf6 4. e5 Nfd7 5. Bd3 c5 6. c3 Nc6 7. Ne2 cxd4 8. cxd4 f6 9. exf6 Nxf6 10. 0-0 Bd6 11. Nf3 0-0 12. Nc3 e5 13. dxe5 Nxe5 14. Be2 Nxf3+ 15. Bxf3 d4 16. Nb5 Be5 17. Re1 Re8 18. Na3 Qc7 19. g3 Kh8 20. Bg5 Be6 21. Rc1 Qb8 22. Bg2 h6 23. Bd2 Bd5 24. f4 Bd6 25. Nb5 Bxg2 26. Kxg2 d3 27. Bc3 Rd8 28. Bxf6 gxf6 29. Re6 a6 30. Nxd6 Rxd6 31. Re7 Qg8 32. Rcc7 Re8 33. Qh5 Rxe7 34. Rxe7 Qd5+ 35. Qxd5 Rxd5 36. Re1 Rc5 37. Kf3 Rc2 38. Re8+ Kg7 39. Re7+ Kg6 40. Rxb7 Rxh2 41. Ke3 1/2-1/2

[Event "Catalunya-ch (Women) 63rd"]
[Site "Badalona"]
[Date "2005.12.08"]
[Round "3"]
[White "Hernando Rodrigo, Lourdes"]
[Black "Porras Mateo, Alejandra"]
[Result "1-0"]
[WhiteElo "1950"]
[BlackElo "1940"]
[PlyCount "123"]
[EventDate "2005.12.06"]
[EventType "swiss"]
[EventRounds "6"]
[EventCountry "ESP"]
[SourceTitle "EXT 2022"]
[Source "ChessBase"]
[SourceDate "2021.10.06"]
[SourceVersion "1"]
[SourceVersionDate "2021.10.06"]
[SourceQuality "1"]

1. d4 d5 2. Nf3 e6 3. Nbd2 Nf6 4. e3 c5 5. c3 Nc6 6. Bd3 Bd6 7. 0-0 0-0 8. dxc5 Bxc5 9. e4 h6 10. Qe2 Re8 11. e5 Nd7 12. Nb3 Bf8 13. Bf4 Qc7 14. Bg3 a6 15. Rac1 b5 16. Bb1 Nb6 17. Nbd4 Bb7 18. Bh4 Be7 19. Qd3 g6 20. Nxe6 Qd7 21. Bxe7 Rxe7 22. Nc5 Qc7 23. e6 f5 24. Qd2 Kg7 25. b3 Rae8 26. Rfe1 Kh7 27. Nd4 Nxd4 28. Qxd4 Bc8 29. b4 Qa7 30. Qf6 Nd7 31. Nxd7 Bxd7 32. Re3 Bxe6 33. Rg3 Bf7 34. Rf1 Re5 35. Rh3 R8e6 36. Qh4 h5 37. Qg5 Qe7 38. Qxe7 Rxe7 39. Bc2 Re1 40. Bb3 g5 41. Rd3 Rxf1+ 42. Kxf1 Re5 43. f3 f4 44. Kf2 Kg6 45. a4 g4 46. g3 Re3 47. Bc2 Kf6 48. Rxe3 fxe3+ 49. Kxe3 gxf3 50. Kxf3 Ke5 51. Ke3 Be8 52. axb5 axb5 53. Bd3 d4+ 54. cxd4+ Kd5 55. Be2 Ke6 56. Bd3 Kd5 57. Be2 Ke6 58. Bf3 Kf5 59. h3 h4 60. gxh4 Bf7 61. Bg4+ Kf6 62. Bd7 1-0

[Event "Catalunya (Women) 62nd"]
[Site "La Pobla de Lillet"]
[Date "2004.08.05"]
[Round "3"]
[White "Riera Morilla, Elizabeth"]
[Black "Porras Mateo, Alejandra"]
[Result "1-0"]
[WhiteElo "1975"]
[BlackElo "2060"]
[PlyCount "39"]
[EventDate "2004.08.04"]
[EventType "swiss"]
[EventRounds "9"]
[EventCountry "ESP"]
[SourceTitle "EXT 2005"]
[Source "ChessBase"]
[SourceDate "2004.11.15"]
[SourceVersion "1"]
[SourceVersionDate "2004.11.15"]
[SourceQuality "1"]

1. e4 e6 2. d4 d5 3. Nc3 Nf6 4. exd5 exd5 5. Bd3 Bd6 6. Nge2 0-0 7. 0-0 c6 8. Nf4 b6 9. Nh5 h6 10. Qf3 Nxh5 11. Qxh5 Qf6 12. Ne2 Ba6 13. Bxa6 Nxa6 14. Qg4 Rac8 15. Ng3 Kh7 16. Nf5 Bb8 17. Re1 c5 18. h4 Rc6 19. Bg5 hxg5 20. Qh5+ 1-0